Países aleatorios en un mapa de forma secuencial - Versión difícil - Estadísticas

Estadísticas generales
  • Esta prueba ha sido intentada 8.874 veces
    7.953 desde el último reinicio
  • La puntuación promedio es 66 de 196
Respuestas en el mapa
Las respuestas están codificadas por una escala verde-roja en el mapa de la prueba según el % correcto abajo.
 
Estadísticas de respuestas
País % Correcto
Estados Unidos
37%
Italia
37%
Japón
37%
Alemania
36%
Argentina
36%
Australia
36%
Brasil
36%
Canadá
36%
Chile
36%
China
36%
Cuba
36%
Dinamarca
36%
España
36%
Francia
36%
India
36%
Indonesia
36%
Madagascar
36%
México
36%
Mongolia
36%
Noruega
36%
Nueva Zelanda
36%
Reino Unido
36%
Rusia
36%
Somalia
36%
Sudáfrica
36%
Suecia
36%
Ucrania
36%
Venezuela
36%
Vietnam
36%
Angola
35%
Arabia Saudita
35%
Argelia
35%
Austria
35%
Bahamas
35%
Bielorrusia
35%
Chad
35%
Chipre
35%
Colombia
35%
Corea del Norte
35%
Corea del Sur
35%
Croacia
35%
Egipto
35%
Etiopía
35%
Filipinas
35%
Finlandia
35%
Grecia
35%
Guyana
35%
Irlanda
35%
Islandia
35%
Kazajistán
35%
Laos
35%
Libia
35%
Malasia
35%
Malí
35%
Marruecos
35%
Mauritania
35%
Mozambique
35%
Myanmar
35%
Namibia
35%
Nepal
35%
Níger
35%
Omán
35%
Papúa Nueva Guinea
35%
Paraguay
35%
Perú
35%
Polonia
35%
Portugal
35%
República Democrática del Congo
35%
Sri Lanka
35%
Sudán
35%
Tailandia
35%
Taiwán
35%
Turquía
35%
Uruguay
35%
Yemen
35%
Afganistán
34%
Albania
34%
Belice
34%
Benín
34%
Bolivia
34%
Cabo Verde
34%
Ciudad del Vaticano
34%
Ecuador
34%
Eritrea
34%
Estonia
34%
Esuatini
34%
Georgia
34%
Ghana
34%
Guatemala
34%
Guinea Ecuatorial
34%
Haití
34%
Irán
34%
Islas Salomón
34%
Israel
34%
Kiribati
34%
Lesoto
34%
Letonia
34%
Lituania
34%
Malaui
34%
Malta
34%
Países Bajos
34%
Pakistán
34%
Panamá
34%
República Checa
34%
Rumania
34%
San Marino
34%
Senegal
34%
Seychelles
34%
Siria
34%
Suiza
34%
Togo
34%
Túnez
34%
Uzbekistán
34%
Zimbabue
34%
Andorra
33%
Bangladés
33%
Bosnia y Herzegovina
33%
Botsuana
33%
Bulgaria
33%
Bután
33%
Camboya
33%
Comoras
33%
Costa Rica
33%
El Salvador
33%
Emiratos Árabes Unidos
33%
Eslovaquia
33%
Estados Federados de Micronesia
33%
Fiyi
33%
Gabón
33%
Gambia
33%
Guinea
33%
Honduras
33%
Hungría
33%
Irak
33%
Islas Marshall
33%
Jamaica
33%
Jordania
33%
Kenia
33%
Kirguistán
33%
Liberia
33%
Liechtenstein
33%
Luxemburgo
33%
Macedonia del Norte
33%
Mauricio
33%
Moldavia
33%
Mónaco
33%
Nicaragua
33%
Nigeria
33%
República Centroafricana
33%
Santo Tomé y Príncipe
33%
Serbia
33%
Surinam
33%
Tanzania
33%
Tayikistán
33%
Timor Oriental
33%
Turkmenistán
33%
Vanuatu
33%
Zambia
33%
Armenia
32%
Azerbaiyán
32%
Bélgica
32%
Brunéi
32%
Burkina Faso
32%
Camerún
32%
Catar
32%
Costa de Marfil
32%
Guinea-Bissau
32%
Kosovo
32%
Kuwait
32%
Líbano
32%
Maldivas
32%
Montenegro
32%
Nauru
32%
República del Congo
32%
República Dominicana
32%
Ruanda
32%
Samoa
32%
Singapur
32%
Sudán del Sur
32%
Tonga
32%
Trinidad y Tobago
32%
Tuvalu
32%
Antigua y Barbuda
31%
Barbados
31%
Baréin
31%
Burundi
31%
Dominica
31%
Eslovenia
31%
Granada
31%
Palaos
31%
San Cristóbal y Nieves
31%
Santa Lucía
31%
San Vicente y las Granadinas
31%
Sierra Leona
31%
Uganda
31%
Yibuti
31%
No se encontraron pruebas coincidentes
Distribución de puntuación
Porcentaje de gente con cada puntuación
Porcentaje por número respondido
Historial de tus puntuaciones
No has intentado esta prueba desde el último reinicio